<?xml version="1.0" encoding="UTF-8"?>
<record
    xmlns:xsi="http://www.w3.org/2001/XMLSchema-instance"
    xsi:schemaLocation="http://www.loc.gov/MARC21/slim http://www.loc.gov/standards/marcxml/schema/MARC21slim.xsd"
    xmlns="http://www.loc.gov/MARC21/slim">

  <leader>01374nam a2200241 a 4500</leader>
  <controlfield tag="001">ASIN1119951747</controlfield>
  <controlfield tag="003">OSt</controlfield>
  <controlfield tag="005">20180116192413.0</controlfield>
  <controlfield tag="008">130128s2012    xxu                 eng d</controlfield>
  <datafield tag="020" ind1=" " ind2=" ">
    <subfield code="a">1119951747 (paperback)</subfield>
    <subfield code="c">$50.00</subfield>
  </datafield>
  <datafield tag="020" ind1=" " ind2=" ">
    <subfield code="a">9781119951742 (paperback)</subfield>
  </datafield>
  <datafield tag="040" ind1=" " ind2=" ">
    <subfield code="c">0</subfield>
  </datafield>
  <datafield tag="082" ind1=" " ind2=" ">
    <subfield code="a">720.285</subfield>
  </datafield>
  <datafield tag="245" ind1="0" ind2="4">
    <subfield code="a">The digital turn in architecture 1992-2010 :</subfield>
    <subfield code="c">edited by Mario Carpo.</subfield>
  </datafield>
  <datafield tag="260" ind1=" " ind2=" ">
    <subfield code="a">London :</subfield>
    <subfield code="b">Wiley,</subfield>
    <subfield code="c">2013.</subfield>
  </datafield>
  <datafield tag="300" ind1=" " ind2=" ">
    <subfield code="a">264 p. ;</subfield>
    <subfield code="c">25 cm.</subfield>
  </datafield>
  <datafield tag="520" ind1=" " ind2=" ">
    <subfield code="a">The digital turn in architecture has gone through several stages and phases, and Architectural Design ( AD ) has captured them all. This anthology of AD 's most salient articles is chronologically and thematically arranged to provide a complete historical timeline of the rise to pre-eminence of computer-based design and production. A much-needed pedagogical and research tool, this synopsis also relates the present state of digitality in architecture to the history and theory of its recent development and trends. Architectural students, scholars, and practicing architects will find this book an invaluable reference.</subfield>
  </datafield>
  <datafield tag="650" ind1=" " ind2=" ">
    <subfield code="a">Architectural design</subfield>
    <subfield code="x">Data processing</subfield>
    <subfield code="9">6206</subfield>
  </datafield>
  <datafield tag="650" ind1=" " ind2=" ">
    <subfield code="a">Architecture</subfield>
    <subfield code="x">Data processing</subfield>
    <subfield code="9">6207</subfield>
  </datafield>
  <datafield tag="700" ind1="1" ind2=" ">
    <subfield code="a">Carpo, Mario.</subfield>
    <subfield code="9">6208</subfield>
  </datafield>
  <datafield tag="856" ind1="4" ind2="0">
    <subfield code="3">Amazon.com</subfield>
    <subfield code="u">http://www.amazon.com/exec/obidos/ASIN/1119951747/chopaconline-20</subfield>
  </datafield>
  <datafield tag="942" ind1=" " ind2=" ">
    <subfield code="2">ddc</subfield>
    <subfield code="c">BK</subfield>
  </datafield>
  <datafield tag="999" ind1=" " ind2=" ">
    <subfield code="c">353616</subfield>
    <subfield code="d">353616</subfield>
  </datafield>
  <datafield tag="952" ind1=" " ind2=" ">
    <subfield code="0">0</subfield>
    <subfield code="1">0</subfield>
    <subfield code="2">ddc</subfield>
    <subfield code="4">0</subfield>
    <subfield code="7">0</subfield>
    <subfield code="a">SADA</subfield>
    <subfield code="b">SADA</subfield>
    <subfield code="d">2013-01-10</subfield>
    <subfield code="e">Progressive Internal, Purchase PC-1</subfield>
    <subfield code="g">3689.00</subfield>
    <subfield code="l">1</subfield>
    <subfield code="o">720.285 DIG 2013</subfield>
    <subfield code="p">SADA0001919</subfield>
    <subfield code="r">2015-10-26</subfield>
    <subfield code="s">2015-10-08</subfield>
    <subfield code="t">1</subfield>
    <subfield code="v">3689.00</subfield>
    <subfield code="w">2013-01-28</subfield>
    <subfield code="y">BK</subfield>
  </datafield>
</record>
